All Countries in Order by GDP - Statistics

General Stats
  • This quiz has been taken 113 times
  • The average score is 143 of 193
Answer Stats
GDP Continent Hint Country % Correct
30.17 T Asia C China
100%
25.34 T North America U United States
100%
5.26 T Europe G Germany
98%
6.11 T Asia J Japan
98%
4.63 T Europe R Russia
98%
11.77 T Asia I India
96%
3.78 T South America B Brazil
94%
3.72 T Europe F France
94%
3.95 T Asia I Indonesia
94%
3.67 T Europe U United Kingdom
94%
2.97 T Europe I Italy
92%
2.94 T North America M Mexico
92%
3.21 T Asia T Turkey
92%
1.21 T South America A Argentina
90%
1.61 T Oceania A Australia
90%
2.24 T North America C Canada
90%
1.57 T Africa E Egypt
90%
1.56 T Asia I Iran
90%
1.45 T Asia P Pakistan
90%
1.55 T Europe P Poland
90%
2.73 T Asia S South Korea
90%
2.20 T Europe S Spain
90%
1.27 T Asia V Vietnam
90%
715.6 B Europe B Belgium
88%
582.1 B South America C Chile
88%
940.5 B South America C Colombia
88%
633.5 B Europe I Ireland
88%
590.3 B Asia K Kazakhstan
88%
1.16 T Africa N Nigeria
88%
522.1 B South America P Peru
88%
1.14 T Asia P Philippines
88%
707.7 B Europe R Romania
88%
937.9 B Africa S South Africa
88%
1.60 Asia T Taiwan
88%
1.11 T Asia B Bangladesh
86%
1.08 T Asia M Malaysia
86%
1.19 T Europe N Netherlands
86%
2.00 T Asia S Saudi Arabia
86%
674.2 B Europe S Sweden
86%
739.4 B Europe S Switzerland
86%
1.47 T Asia T Thailand
86%
779.2 B Asia U United Arab Emirates
86%
586.1 B Africa A Algeria
84%
572.3 B Europe A Austria
84%
378.6 B Europe G Greece
84%
512.9 B Asia I Iraq
84%
509.9 B Europe C Czech Republic
82%
419.6 B Europe D Denmark
82%
260.1 B North America D Dominican Republic
82%
345.1 B Africa E Ethiopia
82%
398.2 B Europe H Hungary
82%
257.1 B Oceania N New Zealand
82%
425.1 B Europe N Norway
82%
406.0 B Europe P Portugal
82%
301.2 B Asia Q Qatar
82%
701.8 B Asia S Singapore
82%
326.0 B Asia U Uzbekistan
82%
242.0 B South America E Ecuador
80%
321.2 B Europe F Finland
80%
308.6 B Africa K Kenya
80%
331.5 B Africa M Morocco
80%
376.4 B Europe U Ukraine
80%
228.6 B Africa A Angola
78%
216.6 B Africa G Ghana
78%
211.1 B Europe S Slovakia
78%
201.7 B Europe B Belarus
76%
180.2 B Europe B Bulgaria
76%
145.0 B Europe C Croatia
76%
185.7 B North America G Guatemala
76%
478.0 B Asia I Israel
76%
245.1 B Asia K Kuwait
76%
254.3 B Asia M Myanmar
76%
165.9 B Asia O Oman
76%
207.3 B Africa S Sudan
76%
158.4 B South America V Venezuela
76%
73.6 B North America H Honduras
74%
164.9 B North America P Panama
74%
163.5 B Europe S Serbia
74%
206.5 B Africa T Tanzania
74%
149.1 B Africa T Tunisia
74%
49.8 B Europe A Albania
72%
175.6 B Asia A Azerbaijan
72%
87.1 B Asia B Bahrain
72%
104.4 B South America B Bolivia
72%
127.3 B Africa DC DR Congo
72%
69.3 B North America E El Salvador
72%
59.6 B Europe E Estonia
72%
180.0 B Africa I Ivory Coast
72%
122.1 B Asia J Jordan
72%
70.8 B Europe L Latvia
72%
124.3 B Africa L Libya
72%
129.1 B Europe L Lithuania
72%
90.5 B Europe L Luxembourg
72%
108.7 B South America P Paraguay
72%
102.1 B Europe S Slovenia
72%
128.2 B Africa U Uganda
72%
118.9 B South America U Uruguay
72%
65.6 B Asia Y Yemen
72%
74.2 B Africa Z Zambia
72%
46.8 B Asia A Armenia
70%
60.6 B Europe B Bosnia and Herzegovina
70%
59.9 B Africa B Burkina Faso
70%
122.7 B Africa C Cameroon
70%
130.9 B North America C Costa Rica
70%
137.2 B North America C Cuba
70%
68.7 B Asia L Laos
70%
82.0 B Asia L Lebanon
70%
55.3 B Africa M Mali
70%
138.2 B Asia N Nepal
70%
47.7 B North America N Nicaragua
70%
340.8 B Asia S Sri Lanka
70%
39.9 B Africa Z Zimbabwe
70%
5.0 B Europe A Andorra
68%
2.4 B North America A Antigua and Barbuda
68%
5.2 B North America B Barbados
68%
3.6 B North America B Belize
68%
87.8 B Asia C Cambodia
68%
7.6 B Africa E Eritrea
68%
12.3 B Oceania F Fiji
68%
2.0 B North America G Grenada
68%
44.4 B Africa G Guinea
68%
5.1 B Africa G Guinea-Bissau
68%
30.8 B South America G Guyana
68%
38.7 B North America H Haiti
68%
24.7 B Europe K Kosovo
68%
4.9 B Europe L Liechtenstein
68%
51.5 B Africa M Madagascar
68%
39.3 B Oceania P Papua New Guinea
68%
10.6 B South America S Suriname
68%
117.4 B Asia T Turkmenistan
68%
16.8 B North America B Bahamas
66%
3.2 B Africa C Comoros
66%
6.7 B Africa D Djibouti
66%
1.0 B North America D Dominica
66%
25.1 B Europe I Iceland
66%
32.3 B North America J Jamaica
66%
266 mil Oceania K Kiribati
66%
8.7 B Africa L Liberia
66%
8.2 B Europe M Monaco
66%
15.4 B Europe M Montenegro
66%
144 mil Oceania N Nauru
66%
243 mil Oceania P Palau
66%
37.2 B Africa R Rwanda
66%
1.9 B North America S Saint Kitts and Nevis
66%
3.0 B North America S Saint Lucia
66%
1.5 B North America S Saint Vincent and the Grenadines
66%
1.1 B Oceania S Samoa
66%
2.2 B Europe S San Marino
66%
80.4 B Africa S Senegal
66%
50.2 B Asia S Syria
66%
45.8 B Asia T Tajikistan
66%
22.6 B Africa T Togo
66%
63 mil Oceania T Tuvalu
66%
920 mil Oceania V Vanuatu
66%
77.7 B Asia A Afghanistan
64%
47.2 B Africa B Botswana
64%
5.5 B Africa C Central African Republic
64%
383 mil Oceania FM FS Micronesia
64%
69.1 B Asia G Georgia
64%
37.7 B Asia K Kyrgyzstan
64%
235 mil Oceania M Marshall Islands
64%
29.9 B Africa M Mauritania
64%
42.4 B Europe M Moldova
64%
47.6 B Africa M Mozambique
64%
27.1 B Africa N Namibia
64%
37.4 B Africa N Niger
64%
40.0 B Asia N North Korea
64%
40.8 B Europe N North Macedonia
64%
1.7 B Oceania S Solomon Islands
64%
678 mil Oceania T Tonga
64%
42.9 B North America T Trinidad and Tobago
64%
9.7 B Africa B Burundi
62%
4.5 B Africa C Cape Verde
62%
29.6 B Africa C Chad
62%
38.5 B Africa G Gabon
62%
6.4 B Africa L Lesotho
62%
35.4 B Africa M Malawi
62%
11.3 B Asia M Maldives
62%
28.4 B Europe M Malta
62%
13.5 B Africa S South Sudan
62%
53.1 B Africa B Benin
60%
33.3 B Asia B Brunei
60%
4.7 B Asia E East Timor
60%
31.7 B Africa M Mauritius
60%
46.4 B Asia M Mongolia
60%
28.5 B Africa E Equatorial Guinea
58%
11.9 B Africa E Eswatini
58%
6.7 B Africa G Gambia
58%
15.8 B Africa S Sierra Leone
58%
4.4 B Africa S Seychelles
56%
20.6 B Africa S Somalia
54%
43.8 B Asia C Cyprus
52%
22.5 B Africa C Congo
48%
No matching quizzes found
Score Distribution
Percent of People with Each Score
Percentile by Number Answered
Your Score History
You have not taken this quiz